[Event "Dubai op 19th"]
[Site "Dubai"]
[Date "2017.04.11"]
[Round "9"]
[White "Nishant, Malhotra"]
[Black "Thakur, Akash"]
[Result "1-0"]
[WhiteElo "2197"]
[BlackElo "2363"]
[PlyCount "89"]
[EventDate "2017.04.03"]
[EventType "swiss"]
[EventRounds "9"]
[EventCountry "UAE"]
[SourceTitle "CBM 177 Extra"]
[Source "ChessBase"]
[SourceDate "2017.04.27"]
[SourceVersion "1"]
[SourceVersionDate "2017.04.27"]
[SourceQuality "1"]

1. d4 Nf6 2. c4 c6 3. Nf3 d5 4. Nc3 dxc4 5. a4 Bf5 6. Ne5 Na6 7. e3 Nb4 8. Bxc4 e6 9. 0-0 Bd6 10. Qe2 Nc2 11. Rb1 Nd5 12. Bd2 0-0 13. f4 c5 14. Nxd5 exd5 15. Bd3 Bxd3 16. Qxd3 Nb4 17. Bxb4 cxb4 18. Qb5 Qe7 19. Qxd5 Rfd8 20. Qb3 Rac8 21. Rbc1 Rc7 22. Rxc7 Qxc7 23. Nd3 Qe7 24. Re1 Qe4 25. Nf2 Qc6 26. Nd3 Qe4 27. Qc4 h5 28. Nf2 Qf5 29. Qd3 Qa5 30. b3 Rc8 31. Ne4 Qd5 32. Ng5 f5 33. e4 fxe4 34. Rxe4 Bxf4 35. Rxf4 Qxg5 36. Qd2 Qe7 37. h3 Rc3 38. d5 Qd6 39. Re4 Rxb3 40. Re8+ Kf7 41. Re1 b6 42. Kh1 Rc3 43. Qf2+ Qf6 44. Qe2 Rc8 45. Rf1 1-0

[Event "Dubai op 19th"]
[Site "Dubai"]
[Date "2017.04.08"]
[Round "5"]
[White "Nishant, Malhotra"]
[Black "Idani, Pouya"]
[Result "0-1"]
[WhiteElo "2197"]
[BlackElo "2573"]
[PlyCount "96"]
[EventDate "2017.04.03"]
[EventType "swiss"]
[EventRounds "9"]
[EventCountry "UAE"]
[SourceTitle "CBM 177 Extra"]
[Source "ChessBase"]
[SourceDate "2017.04.27"]
[SourceVersion "1"]
[SourceVersionDate "2017.04.27"]
[SourceQuality "1"]

1. d4 Nf6 2. c4 e6 3. g3 c5 4. d5 exd5 5. cxd5 d6 6. Nc3 g6 7. Nf3 Bg7 8. Bg2 0-0 9. 0-0 Re8 10. Bf4 Na6 11. Re1 Bg4 12. h3 Bf5 13. Nd2 Nh5 14. e4 Nxf4 15. gxf4 Bd7 16. Nc4 Qf6 17. e5 dxe5 18. fxe5 Qg5 19. Qf3 Nb4 20. Ne4 Qf5 21. Qg3 Rxe5 22. Nxe5 Bxe5 23. Qb3 Qf4 24. Ng3 Bd4 25. Re4 Qxf2+ 26. Kh2 Qxb2 27. Qxb2 Bxb2 28. Rb1 Bf6 29. Rf1 Bd8 30. a3 Nc2 31. Rc1 Nxa3 32. Rxc5 Nb5 33. Bf1 Nd6 34. Re1 f5 35. Bd3 Kf8 36. Ne2 Bb6 37. Rcc1 Re8 38. Ng1 Be3 39. Ra1 a5 40. Nf3 a4 41. Kg2 Kg7 42. Ra2 Kf6 43. Rc2 Bb6 44. Rb1 Bd8 45. Nd4 Re3 46. Bf1 f4 47. Rb4 Bxh3+ 48. Kf2 Ne4+ 0-1

[Event "Ho Chi Minh City HD Bank op 7th"]
[Site "Ho Chi Minh City"]
[Date "2017.03.12"]
[Round "2"]
[White "Nishant, Malhotra"]
[Black "Pitra, Andika"]
[Result "1/2-1/2"]
[WhiteElo "2198"]
[BlackElo "2390"]
[PlyCount "168"]
[EventDate "2017.03.12"]
[EventType "swiss"]
[EventRounds "9"]
[EventCountry "VIE"]
[SourceTitle "CBM 177 Extra"]
[Source "ChessBase"]
[SourceDate "2017.04.27"]
[SourceVersion "1"]
[SourceVersionDate "2017.04.27"]
[SourceQuality "1"]

1. d4 Nf6 2. c4 g6 3. Nc3 Bg7 4. e4 0-0 5. f3 d6 6. Be3 b6 7. Bd3 Nbd7 8. Nge2 c5 9. Qd2 Ba6 10. b3 e6 11. 0-0 Rc8 12. Rac1 Re8 13. d5 exd5 14. exd5 Ne5 15. Bb1 Bxc4 16. Bg5 Bxe2 17. Nxe2 Qc7 18. h3 Ned7 19. Nc3 Qb7 20. Bf4 Ne5 21. Bh2 b5 22. f4 Ned7 23. Rcd1 b4 24. Na4 Ne4 25. Qd3 Bd4+ 26. Kh1 f5 27. Bg1 Qxd5 28. Bxd4 cxd4 29. Kh2 Ndc5 30. Qxd4 Qxd4 31. Rxd4 Nxa4 32. bxa4 a5 33. Bxe4 fxe4 34. Rxd6 Rcd8 35. Ra6 e3 36. Re1 Rd2 37. Rxa5 Rxa2 38. Kg3 Kf7 39. Rb5 Rb2 40. Kf3 Rf2+ 41. Kg3 Rb2 42. Kf3 e2 43. a5 b3 44. a6 Ra2 45. Rxb3 Rxa6 46. Rxe2 Rxe2 47. Kxe2 h5 48. Kf3 Kf6 49. Kg3 Rc6 50. Rb8 Ra6 51. Rf8+ Kg7 52. Rb8 Kf6 53. Rb5 Rc6 54. Ra5 Rb6 55. Kh4 Rc6 56. Rb5 Ra6 57. Rb7 Rc6 58. g4 hxg4 59. hxg4 g5+ 60. fxg5+ Kg6 61. Rb8 Ra6 62. Rc8 Rb6 63. Rg8+ Kf7 64. Ra8 Kg6 65. Rg8+ Kf7 66. Rh8 Kg7 67. Rc8 Kg6 68. Rc5 Ra6 69. Rb5 Ra3 70. Rb6+ Kg7 71. Rb8 Rc3 72. Rb2 Kg6 73. Rb6+ Kg7 74. Ra6 Rb3 75. g6 Rb5 76. Rc6 Ra5 77. Rb6 Rc5 78. g5 Rc1 79. Rb7+ Kxg6 80. Rb6+ Kg7 81. Kg4 Rg1+ 82. Kf4 Rf1+ 83. Kg4 Rg1+ 84. Kf4 Rf1+ 1/2-1/2

[Event "New Delhi Parsvnath op 15th"]
[Site "New Delhi"]
[Date "2017.01.12"]
[Round "5"]
[White "Hesham, Abdelrahman"]
[Black "Nishant, Malhotra"]
[Result "1/2-1/2"]
[WhiteElo "2418"]
[BlackElo "2186"]
[PlyCount "67"]
[EventDate "2017.01.09"]
[EventType "swiss"]
[EventRounds "10"]
[EventCountry "IND"]
[SourceTitle "CBM 176 Extra"]
[Source "ChessBase"]
[SourceDate "2017.03.02"]
[SourceVersion "1"]
[SourceVersionDate "2017.03.02"]
[SourceQuality "1"]

1. d4 Nf6 2. c4 e6 3. Nf3 Bb4+ 4. Nbd2 d6 5. a3 Bxd2+ 6. Qxd2 0-0 7. b3 Nc6 8. Bb2 Qe7 9. e3 e5 10. Qc2 Bd7 11. Be2 a5 12. 0-0 Rfe8 13. d5 Nb8 14. e4 c6 15. Nd2 cxd5 16. exd5 Bg4 17. Bd3 Nbd7 18. Rae1 Qd8 19. h3 Bh5 20. g3 Rc8 21. Qb1 Bg6 22. f4 exf4 23. gxf4 Rxe1 24. Rxe1 Nh5 25. Bxg6 hxg6 26. Qe4 Qh4 27. Re3 Nxf4 28. Qf3 Nf6 29. a4 Qg5+ 30. Kh1 Qf5 31. Bxf6 Qxf6 32. Ne4 Qa1+ 33. Kh2 Qb2+ 34. Kg1 1/2-1/2

[Event "Mumbai Wealth op 2nd"]
[Site "Mumbai"]
[Date "2016.12.26"]
[Round "1"]
[White "Nishant, Malhotra"]
[Black "Narayanan, Srinath"]
[Result "1/2-1/2"]
[WhiteElo "2186"]
[BlackElo "2490"]
[PlyCount "81"]
[EventDate "2016.12.26"]
[EventType "swiss"]
[EventRounds "9"]
[EventCountry "IND"]
[SourceTitle "CBM 176 Extra"]
[Source "ChessBase"]
[SourceDate "2017.03.02"]
[SourceVersion "1"]
[SourceVersionDate "2017.03.02"]
[SourceQuality "1"]

1. d4 Nf6 2. c4 g6 3. Nc3 Bg7 4. e4 d6 5. f3 0-0 6. Be3 c5 7. dxc5 dxc5 8. Qxd8 Rxd8 9. Bxc5 Nc6 10. Be3 Nd7 11. 0-0-0 b6 12. Nge2 Ba6 13. Nd4 Nde5 14. Nxc6 Rxd1+ 15. Kxd1 Nxc6 16. c5 Rd8+ 17. Kc1 Bxf1 18. Rxf1 Bxc3 19. bxc3 b5 20. Kc2 Kf8 21. Rb1 Rb8 22. Bf4 Rb7 23. a4 a6 24. axb5 axb5 25. Ra1 Ke8 26. Ra6 Kd7 27. Rb6 Rxb6 28. cxb6 Na5 29. c4 Kc6 30. cxb5+ Kxb6 31. Bg5 f6 32. Bd2 Kxb5 33. Bxa5 Kxa5 34. Kc3 Kb5 35. Kd4 Kc6 36. f4 Kd6 37. g3 e5+ 38. fxe5+ fxe5+ 39. Kc4 Kc6 40. h3 h6 41. Kb4 1/2-1/2

[Event "Olomouc op 19th"]
[Site "Olomouc"]
[Date "2016.08.20"]
[Round "9"]
[White "Krejci, Jan1111"]
[Black "Nishant, Malhotra"]
[Result "1/2-1/2"]
[WhiteElo "2496"]
[BlackElo "2060"]
[PlyCount "44"]
[EventDate "2016.08.13"]
[EventType "swiss"]
[EventRounds "9"]
[EventCountry "CZE"]
[SourceTitle "CBM 173 Extra"]
[Source "ChessBase"]
[SourceDate "2016.08.29"]
[SourceVersion "1"]
[SourceVersionDate "2016.08.29"]
[SourceQuality "1"]

1. c4 c6 2. Nf3 d5 3. e3 Nf6 4. Nc3 e6 5. d4 a6 6. Qc2 c5 7. cxd5 exd5 8. dxc5 Bxc5 9. a3 0-0 10. Be2 Nc6 11. 0-0 Qe7 12. Rd1 Be6 13. b4 Ba7 14. Bb2 Rac8 15. Rac1 Rfd8 16. Qb1 d4 17. exd4 Nxd4 18. Nxd4 Rxd4 19. Rxd4 Bxd4 20. Na4 Rxc1+ 21. Qxc1 Bxb2 22. Nxb2 g6 1/2-1/2

[Event "Olomouc op 19th"]
[Site "Olomouc"]
[Date "2016.08.16"]
[Round "5"]
[White "Nishant, Malhotra"]
[Black "Bombek, Peter"]
[Result "1-0"]
[WhiteElo "2060"]
[BlackElo "2212"]
[PlyCount "33"]
[EventDate "2016.08.13"]
[EventType "swiss"]
[EventRounds "9"]
[EventCountry "CZE"]
[SourceTitle "CBM 173 Extra"]
[Source "ChessBase"]
[SourceDate "2016.08.29"]
[SourceVersion "1"]
[SourceVersionDate "2016.08.29"]
[SourceQuality "1"]

1. d4 d5 2. c4 dxc4 3. e4 Nf6 4. e5 Nd5 5. Bxc4 Nb4 6. e6 Bxe6 7. Bxe6 fxe6 8. Nf3 N8c6 9. a3 Nd5 10. Qb3 Nb6 11. Nc3 Nxd4 12. Nxd4 Qxd4 13. Nb5 Qe4+ 14. Be3 0-0-0 15. Rc1 Rd7 16. 0-0 a6 17. Nxc7 1-0

[Event "Olomouc op 19th"]
[Site "Olomouc"]
[Date "2016.08.15"]
[Round "4"]
[White "Chudinovskih, Alexander N"]
[Black "Nishant, Malhotra"]
[Result "1/2-1/2"]
[WhiteElo "2258"]
[BlackElo "2060"]
[PlyCount "84"]
[EventDate "2016.08.13"]
[EventType "swiss"]
[EventRounds "9"]
[EventCountry "CZE"]
[SourceTitle "CBM 173 Extra"]
[Source "ChessBase"]
[SourceDate "2016.08.29"]
[SourceVersion "1"]
[SourceVersionDate "2016.08.29"]
[SourceQuality "1"]

1. Nf3 d5 2. d4 Nf6 3. c4 c6 4. Nc3 dxc4 5. a4 e6 6. e3 c5 7. Bxc4 Nc6 8. 0-0 cxd4 9. exd4 Be7 10. Re1 0-0 11. Bg5 Nd5 12. Bxd5 Bxg5 13. Bxc6 bxc6 14. Nxg5 Qxg5 15. Re5 Qd8 16. Ne4 Rb8 17. b3 f6 18. Rc5 Qb6 19. Rb1 Rd8 20. b4 e5 21. a5 Qb7 22. a6 Qf7 23. Rxc6 Rxd4 24. Qf3 Be6 25. Rbc1 Rdxb4 26. h3 Rb1 27. Rxb1 Rxb1+ 28. Kh2 h5 29. Nd6 Qg6 30. Rc7 Rb6 31. Qa8+ Kh7 32. Ne8 Bd5 33. Qxd5 Qxe8 34. Rxa7 Qe6 35. Qd8 e4 36. Re7 Qd6+ 37. Qxd6 Rxd6 38. a7 Ra6 39. Kg3 Ra4 40. Kf4 Kg6 41. g4 hxg4 42. hxg4 Ra2 1/2-1/2

[Event "Olomouc op 19th"]
[Site "Olomouc"]
[Date "2016.08.14"]
[Round "3"]
[White "Nishant, Malhotra"]
[Black "Burnett, Andrew"]
[Result "1/2-1/2"]
[WhiteElo "2060"]
[BlackElo "2174"]
[PlyCount "81"]
[EventDate "2016.08.13"]
[EventType "swiss"]
[EventRounds "9"]
[EventCountry "CZE"]
[SourceTitle "CBM 173 Extra"]
[Source "ChessBase"]
[SourceDate "2016.08.29"]
[SourceVersion "1"]
[SourceVersionDate "2016.08.29"]
[SourceQuality "1"]

1. d4 Nf6 2. c4 e6 3. g3 c5 4. d5 exd5 5. cxd5 d6 6. Bg2 g6 7. Nc3 Bg7 8. Nf3 0-0 9. 0-0 Re8 10. Nd2 a6 11. a4 Nbd7 12. Nc4 Ne5 13. Nxe5 Rxe5 14. Bf4 Re8 15. e4 Nh5 16. Be3 b6 17. Re1 Rb8 18. Bf3 b5 19. axb5 axb5 20. Qc2 b4 21. Ne2 Nf6 22. Nc1 Qb6 23. Nb3 Nd7 24. Na5 Ne5 25. Be2 Bg4 26. Bxg4 Nxg4 27. Nc4 Nxe3 28. Rxe3 Qc7 29. Ra6 Rbd8 30. Qa4 Bd4 31. Nxd6 Re7 32. Nb5 Qe5 33. Nxd4 cxd4 34. Re1 Rxd5 35. f4 Qc7 36. Qxb4 Rd8 37. Raa1 d3 38. Rad1 Qa7+ 39. Kg2 Rb7 40. Qc3 Qb6 41. Rxd3 1/2-1/2

[Event "New Delhi Parsvnath op 13th"]
[Site "New Delhi"]
[Date "2015.01.16"]
[Round "10"]
[White "Dzhumaev, Marat"]
[Black "Nishant, Malhotra"]
[Result "1-0"]
[WhiteElo "2515"]
[BlackElo "2167"]
[PlyCount "73"]
[EventDate "2015.01.09"]
[EventType "tourn"]
[EventRounds "10"]
[EventCountry "IND"]
[SourceTitle "CBM 164 Extra"]
[Source "ChessBase"]
[SourceDate "2015.03.02"]
[SourceVersion "1"]
[SourceVersionDate "2015.03.02"]
[SourceQuality "1"]

1. e4 e5 2. d4 exd4 3. Qxd4 Nc6 4. Qe3 Nf6 5. Bd2 Bb4 6. e5 Nd5 7. Qe4 Bxd2+ 8. Nxd2 Nde7 9. 0-0-0 d5 10. exd6 Qxd6 11. Ngf3 Bf5 12. Qe3 0-0 13. Bc4 Ng6 14. Rhe1 Rad8 15. a3 h6 16. h3 Nf4 17. Nb3 Nxg2 18. Rxd6 Rxd6 19. Qc3 Nxe1 20. Qxe1 Bxh3 21. Ne5 Be6 22. Nxc6 Rxc6 23. Bxe6 Rxe6 24. Qa5 Rd8 25. Kb1 Re2 26. Qxa7 g5 27. Qxb7 Rd1+ 28. Ka2 Rxc2 29. a4 Rd6 30. a5 Rcc6 31. Qb5 Ra6 32. Nd4 Rdb6 33. Qe5 Kh7 34. f3 Kg6 35. Ka3 Rd6 36. b4 f6 37. Qe8+ 1-0

[Event "New Delhi Parsvnath op 13th"]
[Site "New Delhi"]
[Date "2015.01.14"]
[Round "8"]
[White "Del Rey, Diego"]
[Black "Nishant, Malhotra"]
[Result "1-0"]
[WhiteElo "2390"]
[BlackElo "2167"]
[PlyCount "125"]
[EventDate "2015.01.09"]
[EventType "tourn"]
[EventRounds "10"]
[EventCountry "IND"]
[SourceTitle "CBM 164 Extra"]
[Source "ChessBase"]
[SourceDate "2015.03.02"]
[SourceVersion "1"]
[SourceVersionDate "2015.03.02"]
[SourceQuality "1"]

1. d4 d5 2. c4 c6 3. Nf3 Nf6 4. e3 Bf5 5. cxd5 cxd5 6. Qb3 Qc7 7. Bd2 Nc6 8. Bb5 e6 9. Bb4 Bxb4+ 10. Qxb4 Qe7 11. Qa3 Rc8 12. Ne5 Bxb1 13. Bxc6+ bxc6 14. Rxb1 Nd7 15. Qa6 Rc7 16. Nxd7 Qxd7 17. b4 0-0 18. 0-0 Rb8 19. Rfc1 Rb6 20. Qa4 Rcb7 21. a3 g6 22. Rb3 Rb5 23. Rbc3 R7b6 24. g3 Kg7 25. Kg2 a5 26. Rxc6 Rb8 27. bxa5 Qa7 28. R1c5 Rb1 29. a6 R1b6 30. Rxb6 Rxb6 31. Rc6 Rb8 32. Qa5 Ra8 33. Qb5 Rb8 34. Qc5 Qxc5 35. Rxc5 Ra8 36. Rc6 g5 37. Kf3 h5 38. h4 Kg6 39. hxg5 Kxg5 40. Rb6 Kf5 41. a4 Ra7 42. Ke2 Kg4 43. a5 Ra8 44. Kd3 Kf3 45. Rb2 Rxa6 46. Ra2 f6 47. Kc3 e5 48. Kb4 exd4 49. exd4 f5 50. Kb5 Ra8 51. Kc5 f4 52. gxf4 h4 53. Kb6 Kxf4 54. a6 h3 55. a7 h2 56. Ra1 Ke4 57. Kb7 Rg8 58. a8Q Rxa8 59. Kxa8 Kxd4 60. Rh1 Ke4 61. Rxh2 d4 62. Rh4+ Ke5 63. Rh1 1-0

[Event "New Delhi Parsvnath op 13th"]
[Site "New Delhi"]
[Date "2015.01.12"]
[Round "6"]
[White "Cruz, Cristhian"]
[Black "Nishant, Malhotra"]
[Result "1-0"]
[WhiteElo "2546"]
[BlackElo "2167"]
[PlyCount "58"]
[EventDate "2015.01.09"]
[EventType "tourn"]
[EventRounds "10"]
[EventCountry "IND"]
[SourceTitle "CBM 164 Extra"]
[Source "ChessBase"]
[SourceDate "2015.03.02"]
[SourceVersion "1"]
[SourceVersionDate "2015.03.02"]
[SourceQuality "1"]

1. d4 d5 2. c4 c6 3. Nf3 Nf6 4. Nc3 dxc4 5. a4 e6 6. e3 c5 7. Bxc4 cxd4 8. exd4 Nc6 9. 0-0 Be7 10. Bg5 0-0 11. Qd2 Nd5 12. Nxd5 exd5 13. Bxe7 Nxe7 14. Ba2 Nc6 15. Rfe1 Be6 16. Re3 Rc8 17. Rae1 Qf6 18. h3 h6 19. b4 Rfd8 20. b5 Ne7 21. Bb1 Nf5 22. Bxf5 Bxf5 23. Ne5 Qd6 24. Rf3 Be6 25. Rg3 Kh7 26. Qd3+ Kg8 27. f4 a6 28. f5 Bd7 29. f6 Be6 1-0

[Event "New Delhi Parsvnath op 13th"]
[Site "New Delhi"]
[Date "2015.01.11"]
[Round "4"]
[White "Saptarshi, Roy Chowdhury"]
[Black "Nishant, Malhotra"]
[Result "1/2-1/2"]
[WhiteElo "2448"]
[BlackElo "2167"]
[PlyCount "133"]
[EventDate "2015.01.09"]
[EventType "tourn"]
[EventRounds "10"]
[EventCountry "IND"]
[SourceTitle "CBM 164 Extra"]
[Source "ChessBase"]
[SourceDate "2015.03.02"]
[SourceVersion "1"]
[SourceVersionDate "2015.03.02"]
[SourceQuality "1"]

1. d4 d5 2. Nf3 Nf6 3. e3 Bf5 4. c4 c6 5. Nc3 e6 6. Bd3 Bxd3 7. Qxd3 Be7 8. 0-0 0-0 9. e4 dxe4 10. Nxe4 Nxe4 11. Qxe4 Nd7 12. Bf4 Nf6 13. Qe2 Qa5 14. Ne5 c5 15. dxc5 Qxc5 16. a3 a5 17. Rfd1 Rfd8 18. Qf3 Bd6 19. Nxf7 Kxf7 20. Bxd6 Qc6 21. Qxc6 bxc6 22. b4 Ne4 23. Be5 Nd2 24. Bc7 Rdc8 25. Bb6 Nxc4 26. bxa5 Nxa5 27. Rd7+ Kg6 28. Re1 Nc4 29. Bd4 e5 30. Bxe5 Re8 31. f4 Nxe5 32. fxe5 Rxa3 33. Rd6+ Kf5 34. Rxc6 Rxe5 35. g4+ Kf4 36. Rc4+ Kf3 37. Rf1+ Ke3 38. Kg2 Kd3 39. Rc7 Re2+ 40. Rf2 Rxf2+ 41. Kxf2 Ke4 42. Rxg7 Kf4 43. Kg2 Ra5 44. Kh3 h5 45. Kh4 hxg4 46. Rxg4+ Kf3 47. Rg6 Kf4 48. h3 Ra8 49. Rf6+ Ke5 50. Rf3 Ke6 51. Kg5 Rg8+ 52. Kh5 Ke7 53. Kh6 Rf8 54. Rg3 Rf6+ 55. Kh7 Rf7+ 56. Kh8 Rf8+ 57. Kh7 Rf7+ 58. Kg6 Rf6+ 59. Kg5 Kf7 60. Ra3 Rb6 61. Ra7+ Kg8 62. h4 Rb5+ 63. Kg6 Rb6+ 64. Kg5 Rb5+ 65. Kg6 Rb6+ 66. Kg5 Rb5+ 67. Kg6 1/2-1/2

[Event "New Delhi Parsvnath op 13th"]
[Site "New Delhi"]
[Date "2015.01.10"]
[Round "2"]
[White "Lazarev, Vladimir"]
[Black "Nishant, Malhotra"]
[Result "0-1"]
[WhiteElo "2379"]
[BlackElo "2167"]
[PlyCount "86"]
[EventDate "2015.01.09"]
[EventType "tourn"]
[EventRounds "10"]
[EventCountry "IND"]
[SourceTitle "CBM 164 Extra"]
[Source "ChessBase"]
[SourceDate "2015.03.02"]
[SourceVersion "1"]
[SourceVersionDate "2015.03.02"]
[SourceQuality "1"]

1. Nf3 d5 2. c4 c6 3. e3 Nf6 4. d4 Bf5 5. Nc3 e6 6. Nh4 Be4 7. f3 Bg6 8. Qb3 Qc7 9. Bd2 Be7 10. g3 0-0 11. Rc1 Qd7 12. Nxg6 hxg6 13. Bg2 Rd8 14. Rc2 dxc4 15. Qxc4 Na6 16. a3 c5 17. dxc5 Nxc5 18. 0-0 Rac8 19. Qe2 Na4 20. f4 Nd5 21. Bxd5 exd5 22. Rfc1 Nxb2 23. Nxd5 Bxa3 24. e4 Rxc2 25. Rxc2 Na4 26. Be3 b5 27. Rc7 Qe8 28. Qd3 Bd6 29. Rxa7 Nc5 30. Qc2 Nxe4 31. Bb6 Bc5+ 32. Bxc5 Rxd5 33. Bb4 Nc5 34. Bxc5 Qe1+ 35. Kg2 Rd2+ 36. Qxd2 Qxd2+ 37. Bf2 b4 38. Ra8+ Kh7 39. Rb8 Qd5+ 40. Kg1 b3 41. Be3 Qd1+ 42. Kf2 Qc2+ 43. Kf3 b2 0-1

[Event "Wch U20 53rd"]
[Site "Pune"]
[Date "2014.10.15"]
[Round "9"]
[White "Blazeka, Matej"]
[Black "Nishant, Malhotra"]
[Result "1/2-1/2"]
[WhiteElo "2311"]
[BlackElo "2129"]
[PlyCount "62"]
[EventDate "2014.10.06"]
[EventType "swiss"]
[EventRounds "13"]
[EventCountry "IND"]
[SourceTitle "EXT 2015"]
[Source "ChessBase"]
[SourceDate "2014.11.20"]
[SourceVersion "1"]
[SourceVersionDate "2014.11.20"]
[SourceQuality "1"]

1. e4 e5 2. Nf3 Nc6 3. d4 exd4 4. Nxd4 Bc5 5. Nb3 Bb6 6. Qe2 Nge7 7. Nc3 d6 8. Be3 Bxe3 9. Qxe3 0-0 10. 0-0-0 f5 11. Bc4+ Kh8 12. f4 fxe4 13. Nxe4 d5 14. Nc3 Nf5 15. Qc5 d4 16. Bb5 Ne3 17. Bxc6 Nxd1 18. Rxd1 bxc6 19. Nxd4 Qf6 20. g3 Bd7 21. Rd2 Rfe8 22. Nf3 Bf5 23. Ne5 g5 24. b3 gxf4 25. gxf4 Rad8 26. Rxd8 Rxd8 27. Qxa7 Bxc2 28. Kxc2 Qf5+ 29. Kb2 Qxf4 30. Qc5 Qd2+ 31. Ka3 Qc1+ 1/2-1/2

[Event "Dubai op 16th"]
[Site "Dubai"]
[Date "2014.04.09"]
[Round "3"]
[White "Ashwin, Jayaram"]
[Black "Nishant, Malhotra"]
[Result "1-0"]
[WhiteElo "2454"]
[BlackElo "2118"]
[PlyCount "91"]
[EventDate "2014.04.07"]
[EventType "swiss"]
[EventRounds "9"]
[EventCountry "UAE"]
[SourceTitle "CBM 159 Extra"]
[Source "ChessBase"]
[SourceDate "2014.04.24"]
[SourceVersion "1"]
[SourceVersionDate "2014.04.24"]
[SourceQuality "1"]

1. d4 Nf6 2. c4 g6 3. g3 d5 4. cxd5 Nxd5 5. Bg2 Bg7 6. Nf3 0-0 7. 0-0 Nc6 8. Nc3 Nb6 9. e3 Re8 10. Nh4 a5 11. f4 a4 12. Rf2 Bd7 13. Ne4 Na5 14. Nc5 Bc6 15. Nf3 Nac4 16. Qc2 e6 17. Bf1 Nd6 18. Ne5 Nf5 19. Nxc6 bxc6 20. Bd2 h5 21. Re1 Nh6 22. Bg2 Nd5 23. Nd3 Ng4 24. Rfe2 Ra6 25. Nc5 Ra7 26. Nxa4 Qa8 27. b3 Rd8 28. Bf3 Ngxe3 29. Bxe3 Nxe3 30. Rxe3 Bxd4 31. Qxc6 Qb8 32. Kg2 Bxe3 33. Rxe3 Qb4 34. Re2 h4 35. Qc2 Qd4 36. Nc5 c6 37. Ne4 e5 38. Rd2 Qb6 39. fxe5 Rda8 40. a4 Ra5 41. Qc3 Rb8 42. Nf6+ Kg7 43. e6 Rc5 44. Ne8+ Kh6 45. Qh8+ Kg5 46. Qxh4+ 1-0

[Event "Dubai op 16th"]
[Site "Dubai"]
[Date "2014.04.07"]
[Round "1"]
[White "Stevic, Hrvoje"]
[Black "Nishant, Malhotra"]
[Result "1-0"]
[WhiteElo "2607"]
[BlackElo "2118"]
[PlyCount "117"]
[EventDate "2014.04.07"]
[EventType "swiss"]
[EventRounds "9"]
[EventCountry "UAE"]
[SourceTitle "CBM 159 Extra"]
[Source "ChessBase"]
[SourceDate "2014.04.24"]
[SourceVersion "1"]
[SourceVersionDate "2014.04.24"]
[SourceQuality "1"]

1. e4 e5 2. Nc3 Nf6 3. g3 d5 4. exd5 Nxd5 5. Bg2 Nxc3 6. bxc3 c5 7. d3 Bd6 8. Nf3 0-0 9. 0-0 Nc6 10. Nd2 Be6 11. Ne4 Be7 12. Be3 Qa5 13. Rb1 Rab8 14. c4 a6 15. Qe1 Qxe1 16. Rfxe1 Nd4 17. Bxd4 cxd4 18. Rb6 Bd8 19. Rb2 Be7 20. Reb1 b5 21. cxb5 Rxb5 22. Rxb5 axb5 23. Rxb5 Rc8 24. a4 Rxc2 25. h4 f6 26. a5 Ra2 27. Nc5 Bxc5 28. Rxc5 Kf7 29. Bb7 Ke7 30. Kg2 Kd6 31. Rc6+ Kd7 32. Rc5 Kd6 33. Rc6+ Kd7 34. Ra6 Bf5 35. Bd5 Ra3 36. Be4 Bxe4+ 37. dxe4 Ke7 38. Ra7+ Kf8 39. a6 h5 40. f4 d3 41. Kf2 d2 42. Ke2 Ra2 43. Ra8+ Kf7 44. f5 Ke7 45. a7 Kf7 46. Kd1 Ra1+ 47. Kxd2 Ra2+ 48. Kc3 Ra3+ 49. Kb4 Ra1 50. Kc4 Rc1+ 51. Kd3 Ra1 52. g4 hxg4 53. Ke2 Ra2+ 54. Kf1 Ra1+ 55. Kg2 Ra3 56. h5 Ra2+ 57. Kg3 Ra3+ 58. Kxg4 Ra1 59. h6 1-0

[Event "Isthmia op-A 2nd"]
[Site "Korinthos"]
[Date "2012.08.19"]
[Round "2"]
[White "Debashis, Das"]
[Black "Nishant, Malhotra"]
[Result "1-0"]
[WhiteElo "2446"]
[BlackElo "2076"]
[PlyCount "81"]
[EventDate "2012.08.18"]
[EventType "swiss"]
[EventRounds "9"]
[EventCountry "GRE"]
[SourceTitle "CBM 150 Extra"]
[Source "ChessBase"]
[SourceDate "2012.10.19"]
[SourceVersion "1"]
[SourceVersionDate "2012.10.19"]
[SourceQuality "1"]

1. d4 d5 2. c4 c6 3. Nf3 Nf6 4. e3 Bf5 5. Nc3 e6 6. Nh4 Be4 7. f3 Bg6 8. Qb3 Qc7 9. Bd2 Be7 10. g3 Nbd7 11. Rc1 dxc4 12. Bxc4 a6 13. Be2 0-0 14. Nxg6 hxg6 15. e4 e5 16. dxe5 Nc5 17. Qc2 Qxe5 18. Bf4 Qe6 19. 0-0 Rad8 20. Rfd1 Ncd7 21. Kg2 Ne5 22. Be3 b5 23. a4 Nc4 24. Bf2 Rc8 25. Bf1 g5 26. h3 Na5 27. Re1 Nd7 28. f4 b4 29. Nb1 c5 30. Nd2 gxf4 31. gxf4 Nf6 32. Nc4 Nxc4 33. Bxc4 Qc6 34. Kh2 Nh5 35. Be3 Bh4 36. Rg1 Qc7 37. e5 Kh8 38. Be2 f6 39. Qg6 Nxf4 40. Bxf4 Bg5 41. Qh5+ 1-0

[Event "Isthmia op-A 2nd"]
[Site "Korinthos"]
[Date "2012.08.19"]
[Round "3"]
[White "Nishant, Malhotra"]
[Black "Dorfanis, Ilarion"]
[Result "0-1"]
[WhiteElo "2076"]
[BlackElo "2239"]
[PlyCount "96"]
[EventDate "2012.08.18"]
[EventType "swiss"]
[EventRounds "9"]
[EventCountry "GRE"]
[SourceTitle "CBM 150 Extra"]
[Source "ChessBase"]
[SourceDate "2012.10.19"]
[SourceVersion "1"]
[SourceVersionDate "2012.10.19"]
[SourceQuality "1"]

1. d4 Nf6 2. c4 e6 3. Nc3 Bb4 4. f3 d5 5. a3 Bxc3+ 6. bxc3 c5 7. cxd5 Nxd5 8. dxc5 f5 9. Nh3 0-0 10. Nf4 Nxf4 11. Bxf4 Qa5 12. Qd4 Nc6 13. Qc4 Kh8 14. Bd6 Re8 15. e4 e5 16. Be2 Nd4 17. Bd1 Bd7 18. Qb4 Nc6 19. Qb2 b6 20. cxb6 axb6 21. 0-0 Be6 22. Be2 Red8 23. Bc7 Rd7 24. Bxb6 Rb7 25. Rfb1 Rab8 26. Bxa5 Rxb2 27. Rxb2 Rxb2 28. Bc7 Rxe2 29. exf5 Bxf5 30. a4 e4 31. a5 exf3 32. gxf3 Re7 33. Bb6 h6 34. a6 Na7 35. Rd1 Nc8 36. Rd8+ Kh7 37. Bd4 Kg6 38. Kf2 h5 39. Kg3 Rf7 40. c4 Rc7 41. Rf8 Be6 42. f4 Bxc4 43. Be5 Rc6 44. Kh4 Be6 45. f5+ Bxf5 46. Bxg7 Rxa6 47. Be5 Ne7 48. Re8 Ra3 0-1

[Event "Wch U20 51st"]
[Site "Athens"]
[Date "2012.08.13"]
[Round "11"]
[White "Nishant, Malhotra"]
[Black "Dounis, Alexandros"]
[Result "1-0"]
[WhiteElo "2076"]
[BlackElo "2298"]
[PlyCount "79"]
[EventDate "2012.08.02"]
[EventType "swiss"]
[EventRounds "13"]
[EventCountry "GRE"]
[SourceTitle "CBM 149 Extra"]
[Source "ChessBase"]
[SourceDate "2012.08.24"]
[SourceVersion "1"]
[SourceVersionDate "2012.08.24"]
[SourceQuality "1"]

1. d4 Nf6 2. c4 g6 3. f3 d5 4. cxd5 Nxd5 5. e4 Nb6 6. Nc3 Bg7 7. Be3 0-0 8. Qd2 e5 9. d5 c6 10. h4 cxd5 11. exd5 N8d7 12. h5 Nf6 13. hxg6 fxg6 14. g4 Nfxd5 15. Rd1 Be6 16. Qh2 Rf4 17. Qxh7+ Kf8 18. Bc5+ Kf7 19. Ne4 Qh8 20. Ng5+ Kf6 21. Nxe6 Kxe6 22. Qxg6+ Rf6 23. Rxh8 Rxg6 24. Rxa8 Nxa8 25. Bc4 Nac7 26. Ne2 b6 27. Ba3 Rh6 28. Nc3 Rh1+ 29. Ke2 Rh2+ 30. Kd3 b5 31. Nxb5 Nxb5 32. Bxb5 Kf6 33. Ke4 Nf4 34. Rd7 Rh1 35. Bb4 Ne6 36. Rd6 Rc1 37. b3 a5 38. Bd2 Rc2 39. Bc4 Rxc4+ 40. bxc4 1-0